兵庫県の戦前市制・町制 - Statistics

General Stats
  • This quiz has been taken 116 times
  • The average score is 52 of 93
Answer Stats
施行日 施行内容 所属郡 回答 % Correct
1889.04.01 市制 (市) 神戸市
100%
1925.04.01 市制 (市) 西宮市
100%
市制 (市) 姫路市
98%
1919.11.01 市制 (市) 明石市
96%
1916.04.01 市制 (市) 尼崎市
94%
町制 有馬郡 三田町
88%
町制 加古郡 加古川町
88%
町制 赤穂郡 赤穂町
88%
1928.10.01 町制 佐用郡 佐用町
88%
町制 川辺郡 尼崎町
86%
町制 川辺郡 伊丹町
86%
町制 明石郡 明石町
86%
町制 出石郡 出石町
86%
町制 多紀郡 篠山町
86%
1940.11.10 市制 (市) 芦屋市
86%
町制 武庫郡 西宮町
84%
町制 飾東郡 飾磨町
84%
町制 揖西郡 龍野町
84%
町制 城崎郡 豊岡町
84%
1895.03.15 町制 城崎郡 城崎町
84%
市制 (市) 洲本市
84%
1942.10.01 市制 (市) 相生市
84%
町制 津名郡 洲本町
82%
1913.01.01 町制 赤穂郡 相生町
82%
1917.11.01 町制 多可郡 西脇町
82%
町制 加古郡 高砂町
80%
町制 赤穂郡 上郡町
80%
1930.04.10 町制 朝来郡 和田山町
80%
市制 (市) 伊丹市
80%
町制 美嚢郡 三木町
78%
1912.06.01 町制 加東郡 社町
78%
1891.12.11 町制 二方郡 浜坂町
75%
町制 養父郡 八鹿町
75%
1915.05.01 町制 加東郡 小野町
75%
1912.04.01 町制 武庫郡 須磨町
73%
1928.11.01 町制 明石郡 垂水町
73%
1940.02.11 市制 (市) 飾磨市
73%
町制 宍粟郡 山崎町
71%
1925.10.01 町制 川辺郡 川西町
71%
町制 美方郡 温泉町
69%
町制 氷上郡 柏原町
67%
町制 城崎郡 香住町
67%
1924.04.01 町制 多可郡 中町
63%
1925.12.01 町制 神崎郡 福崎町
61%
町制 佐用郡 三日月町
61%
1940.12.11 町制 養父郡 養父町
61%
町制 揖東郡 網干町
59%
町制 加西郡 北条町
57%
町制 津名郡 岩屋町
57%
町制 三原郡 福良町
57%
町制 飾磨郡 家島町
53%
1914.05.01 町制 武庫郡 魚崎町
51%
町制 朝来郡 生野町
49%
1925.04.01 町制 加東郡 滝野町
47%
1891.06.10 町制 七美郡 村岡町
45%
1934.04.01 町制 揖保郡 新宮町
45%
町制 有馬郡 湯山町
43%
町制 津名郡 志筑町
41%
町制 朝来郡 竹田町
41%
1928.11.05 町制 加古郡 別府町
41%
1927.01.01 町制 加古郡 二見町
39%
町制 三原郡 阿万町
35%
1931.11.01 町制 赤穂郡 那波町
33%
町制 菟原郡 御影町
31%
1923.04.01 町制 氷上郡 黒井町
31%
1938.04.01 町制 明石郡 大久保町
31%
1921.09.01 町制 武庫郡 今津町
29%
1925.11.01 町制 城崎郡 日高町
29%
1927.04.01 町制 有馬郡 三輪町
29%
1941.04.01 町制 飾磨郡 広畑町
29%
町制 津名郡 由良町
27%
1912.03.01 町制 津名郡 仮屋町
27%
1936.08.01 町制 赤穂郡 坂越町
27%
町制 津名郡 江井町
25%
1926.04.01 町制 印南郡 大塩町
25%
1913.04.01 町制 印南郡 曽根町
24%
町制 津名郡 郡家町
22%
町制 朝来郡 梁瀬町
22%
1928.11.10 町制 印南郡 米田町
22%
1936.02.11 町制 飾磨郡 白浜町
22%
1912.10.01 町制 氷上郡 成松町
20%
1927.09.01 町制 三原郡 湊町
20%
1931.04.01 町制 揖保郡 斑鳩町
20%
1940.03.01 町制 佐用郡 久崎町
20%
1914.07.01 町制 武庫郡 西郷町
18%
町制 津名郡 富島町
18%
1927.04.15 町制 養父郡 広谷町
18%
1927.11.01 町制 飾磨郡 妻鹿町
18%
町制 佐用郡 平福町
18%
町制 津名郡 佐野町
18%
1921.10.01 町制 氷上郡 佐治町
16%
1924.06.01 町制 津名郡 都志町
16%
1928.03.15 町制 津名郡 生穂町
16%
No matching quizzes found
Score Distribution
Percent of People with Each Score
Percentile by Number Answered
Your Score History
You have not taken this quiz